| 000 | 01147nam a22002537a 4500 | ||
|---|---|---|---|
| 005 | 20170124103019.0 | ||
| 010 | _aA-593625 | ||
| 020 | _c50.00 | ||
| 035 | _aA-593625 | ||
| 037 | _bCen Lib/Ret | ||
| 040 |
_aDPL _bHN |
||
| 082 |
_aउ _bमेहरुन्नि |
||
| 100 |
_aमेहरुन्निसा परवेज़ _99382 |
||
| 245 |
_aआँखों की देहलीज़ / _cमेहरुन्निसा परवेज़ |
||
| 246 |
_aAankhon ki dehleez / _bby Mehrunnisa Parvez |
||
| 260 |
_aनई दिल्ली _bप्रतिभा प्रतिष्ठान _c1992 |
||
| 270 |
_aदाखनिराय स्ट्रीट, नेताजी सुभाष मार्ग _bनई दिल्ली _e110002 |
||
| 300 |
_a140पृ. _c18सेमी (सजिल्द) |
||
| 650 |
_a हिन्दी साहित्य _960129 |
||
| 650 |
_a हिन्दी साहित्य -- उपन्यास _946379 |
||
| 650 |
_aHindi literature _960130 |
||
| 650 |
_aHindi literature -- Fiction _960131 |
||
| 942 |
_2ddc _cHN _hउ _mमेहरुन्नि |
||
| 999 |
_c115150 _d115150 |
||